[Event "Regionalliga SW 0001"]
[Site "Bayern"]
[Date "2001.04.29"]
[Round "9"]
[White "Buckel, Ernst"]
[Black "Kuhnert, Josef"]
[Result "0-1"]
[WhiteElo "1980"]
[BlackElo "1985"]
[PlyCount "60"]
[EventDate "2000.10.15"]
[EventType "team-tourn"]
[EventRounds "9"]
[EventCountry "GER"]
[SourceTitle "EXT 2020"]
[Source "ChessBase"]
[SourceDate "2019.10.17"]
[SourceVersion "1"]
[SourceVersionDate "2019.10.17"]
[SourceQuality "1"]
[WhiteTeam "Augsburg SG 1873"]
[BlackTeam "Sonthofen"]
[WhiteTeamCountry "GER"]
[BlackTeamCountry "GER"]

1. e4 c5 2. Nf3 d6 3. d4 cxd4 4. Nxd4 Nf6 5. Nc3 e6 6. Be3 Be7 7. h3 0-0 8. Qd2 a6 9. Bd3 b5 10. a3 Bb7 11. 0-0 Nbd7 12. Nde2 Rc8 13. Ng3 Nb6 14. Rad1 Nc4 15. Bxc4 Rxc4 16. Bg5 Qa8 17. Rfe1 Rfc8 18. Qd3 h6 19. Bf4 d5 20. f3 dxe4 21. fxe4 Bxa3 22. Be5 Bxb2 23. Bxf6 Bxc3 24. Nh5 Bxf6 25. Nxf6+ gxf6 26. Qg3+ Kh7 27. Rd7 Rf8 28. Qd6 Bxe4 29. Qxe6 Bg6 30. Re3 Qc6 0-1

[Event "Regionalliga SW 9900"]
[Site "Bayern"]
[Date "2000.??.??"]
[Round "9.3"]
[White "Kisseliza, Juri"]
[Black "Buckel, Ernst"]
[Result "1/2-1/2"]
[WhiteElo "2075"]
[BlackElo "2005"]
[PlyCount "89"]
[EventDate "1999.??.??"]
[EventType "team-tourn"]
[EventRounds "9"]
[EventCountry "GER"]
[SourceTitle "EXT 2020"]
[Source "ChessBase"]
[SourceDate "2019.10.17"]
[SourceVersion "1"]
[SourceVersionDate "2019.10.17"]
[SourceQuality "1"]
[WhiteTeam "Garching"]
[BlackTeam "Augsburg SG 1873"]
[WhiteTeamCountry "GER"]
[BlackTeamCountry "GER"]

1. d4 Nf6 2. e3 d5 3. Bd3 Nc6 4. c3 a6 5. f4 g6 6. Nd2 Bf5 7. Qe2 Bg7 8. Ngf3 e6 9. b4 h5 10. a4 Qc8 11. Ba3 Bxd3 12. Qxd3 Nd7 13. e4 dxe4 14. Nxe4 Nf6 15. Neg5 Nd5 16. g3 Qd7 17. 0-0 b5 18. axb5 axb5 19. Bb2 Rb8 20. Rf2 0-0 21. Raf1 Nde7 22. Qe2 Nf5 23. Bc1 Qd5 24. Ne5 Nce7 25. Nef3 Nc6 26. Rg2 Ra8 27. h3 Ra1 28. g4 hxg4 29. hxg4 Nd6 30. Qe1 Rfa8 31. Qh4 R8a2 32. Rxa2 Rxa2 33. Bd2 Ne4 34. Nxe4 Qxe4 35. Rf2 Qb1+ 36. Kg2 Ra1 37. Be1 Qe4 38. Bd2 Qb1 39. Kg3 Qe4 40. Qh2 Qd3 41. Qh3 Qe4 42. Rh2 Ra2 43. Qf1 Qd5 44. Rf2 Ne7 45. Be3 1/2-1/2

[Event "Regionalliga SW 9899"]
[Site "Bayern"]
[Date "1999.??.??"]
[Round "4.2"]
[White "Maugg, Ludwig"]
[Black "Buckel, Ernst"]
[Result "1/2-1/2"]
[WhiteElo "2115"]
[BlackElo "2030"]
[PlyCount "76"]
[EventDate "1998.??.??"]
[EventType "team-tourn"]
[EventRounds "9"]
[EventCountry "GER"]
[SourceTitle "EXT 2020"]
[Source "ChessBase"]
[SourceDate "2019.10.17"]
[SourceVersion "1"]
[SourceVersionDate "2019.10.17"]
[SourceQuality "1"]
[WhiteTeam "Sonthofen"]
[BlackTeam "Augsburg SG 1873"]
[WhiteTeamCountry "GER"]
[BlackTeamCountry "GER"]

1. d4 Nf6 2. c4 e6 3. Nf3 d5 4. Nc3 Be7 5. cxd5 exd5 6. Bg5 0-0 7. e3 Nbd7 8. Bd3 Re8 9. 0-0 c6 10. Qc2 h6 11. Bh4 Ne4 12. Bxe7 Qxe7 13. Bxe4 dxe4 14. Nd2 Nf6 15. Rab1 b6 16. Qa4 Bd7 17. Qc4 Rac8 18. b4 Be6 19. Qa6 Rc7 20. Rfc1 Bf5 21. Qa3 Rd8 22. Qb2 Be6 23. a4 Bd5 24. Nxd5 cxd5 25. Rxc7 Qxc7 26. Rc1 Qd6 27. h3 Qd7 28. b5 Rc8 29. Rc3 Ne8 30. Qc1 Rxc3 31. Qxc3 Qc7 32. Qxc7 Nxc7 33. Nb1 Kf8 34. Na3 Ke7 35. Nc2 a6 36. Na3 axb5 37. Nxb5 Nxb5 38. axb5 Ke6 1/2-1/2

[Event "Regionalliga SW 9899"]
[Site "Bayern"]
[Date "1998.??.??"]
[Round "1.1"]
[White "Nissen, Jens"]
[Black "Buckel, Ernst"]
[Result "1-0"]
[WhiteElo "2205"]
[BlackElo "2025"]
[PlyCount "47"]
[EventDate "1998.??.??"]
[EventType "team-tourn"]
[EventRounds "9"]
[EventCountry "GER"]
[SourceTitle "EXT 2020"]
[Source "ChessBase"]
[SourceDate "2019.10.17"]
[SourceVersion "1"]
[SourceVersionDate "2019.10.17"]
[SourceQuality "1"]
[WhiteTeam "Pasing II"]
[BlackTeam "Augsburg SG 1873"]
[WhiteTeamCountry "GER"]
[BlackTeamCountry "GER"]

1. e4 c5 2. Nf3 Nc6 3. Bb5 Nd4 4. Nxd4 cxd4 5. c3 dxc3 6. Nxc3 e6 7. d4 a6 8. Bd3 d6 9. 0-0 Bd7 10. Re1 Ne7 11. Kh1 Rc8 12. f4 g6 13. f5 Bg7 14. fxe6 Bxe6 15. d5 Bd7 16. Bf4 Qc7 17. Rc1 Qb8 18. Qf3 Rd8 19. Qg3 Bc8 20. e5 dxe5 21. Rxe5 Qd6 22. Rce1 0-0 23. Rxe7 Qb4 24. R7e2 1-0

[Event "Regionalliga SW 9798"]
[Site "Bayern"]
[Date "1997.??.??"]
[Round "?.6"]
[White "Weissenburger, Josef"]
[Black "Buckel, Ernst"]
[Result "1/2-1/2"]
[WhiteElo "2010"]
[BlackElo "1990"]
[PlyCount "57"]
[EventDate "1997.10.??"]
[EventType "team-tourn"]
[EventRounds "9"]
[EventCountry "GER"]
[SourceTitle "EXT 2020"]
[Source "ChessBase"]
[SourceDate "2019.10.17"]
[SourceVersion "1"]
[SourceVersionDate "2019.10.17"]
[SourceQuality "1"]
[WhiteTeam "Lauingen"]
[BlackTeam "Augsburg SG 1873"]
[WhiteTeamCountry "GER"]
[BlackTeamCountry "GER"]

1. e4 c5 2. Nf3 Nc6 3. d4 cxd4 4. Nxd4 Nf6 5. Nc3 d6 6. Be2 e6 7. 0-0 a6 8. Bf3 Qc7 9. Nxc6 bxc6 10. Bf4 e5 11. Be3 Be7 12. Na4 Rb8 13. c4 0-0 14. h3 Be6 15. Qc2 Nd7 16. Rfd1 h6 17. b3 f5 18. exf5 Bxf5 19. Be4 Bxe4 20. Qxe4 Rf6 21. Nc3 Nf8 22. Ne2 Ne6 23. Rd2 Rbf8 24. Rad1 R8f7 25. Qg4 Kh7 26. Qe4+ Kh8 27. Qg4 Kh7 28. Qe4+ Kh8 29. Qg4 1/2-1/2